| 000 | 01553 a2200301 4500 | ||
|---|---|---|---|
| 003 | Nust | ||
| 005 | 20221221120608.0 | ||
| 010 | _a 96035730 | ||
| 020 | _a0792397762 (hb : acid-free paper) | ||
| 040 | _cNust | ||
| 082 | 0 | 0 | _a621.38412,SAN |
| 245 | 0 | 0 |
_aAnalog circuit design : _pMCSMOST RF circuits, sigma-delta converters, and translinear circuits / _cedited by Willy Sansen, Rudy J. van de Plassche, and Johan H. Huijsing. |
| 260 |
_aBoston : _bKluwer Academic Publishers, _cc1996. |
||
| 300 |
_avii, 409 p. : _bill. ; _c25 cm. |
||
| 505 | _aMost RF Circuit Design (Page-1), Bandpass Delta Sigma and other Data Converters (Page-133), Translinear Circuits (Page-255). | ||
| 650 | 0 |
_aAnalog-to-digital converters _xDesign and construction _xCongresses. _9105510 |
|
| 650 | 0 |
_aDigital-to-analog converters _xDesign and construction _xCongresses. _9105511 |
|
| 650 | 0 |
_aIntegrated circuits _xDesign and construction _xCongresses. _9105512 |
|
| 650 | 0 |
_aLinear integrated circuits _xDesign and construction _xCongresses. _9105513 |
|
| 650 | 0 |
_aModulators (Electronics) _xDesign and construction _xCongresses. _9105514 |
|
| 650 | 0 |
_aRadio circuits _xDesign and construction _xCongresses. _9105515 |
|
| 700 | 1 |
_aHuijsing, Johan H., _d1938- _996483 |
|
| 700 | 1 |
_aPlassche, Rudy J. van de. _996484 |
|
| 700 | 1 |
_aSansen, Willy M. C. _996485 |
|
| 856 | 4 | 2 |
_3Publisher description _uhttp://www.loc.gov/catdir/enhancements/fy0820/96035730-d.html |
| 856 | 4 | 2 |
_3Table of contents only _uhttp://www.loc.gov/catdir/enhancements/fy0820/96035730-t.html |
| 942 |
_2ddc _cBK |
||
| 999 |
_c181594 _d181594 |
||